Síla magického trojúhelníku

Magickým trojuholníkom nazývame tri investičné faktory, ktoré sa vzájomne ovplyvňujú a pri žiadnom investičnom rozhodovaní na ne nemožno pozabudnúť. Sú to - výnos, riziko, likvidita. Prepojenie faktorov. Investičná stratégia investora.

Salvato in:
Dettagli Bibliografici
Autore principale: Ptáček, Roman
Natura: Capitolo di libro
Lingua:ceco
Soggetti:
Tags: Aggiungi Tag
Nessun Tag, puoi essere il primo ad aggiungerne!!

MARC

LEADER 00000naa$a2200000$$$4500
001 0071066
005 20230804110622.7
041 0 |a cze 
044 |a CZ 
245 1 0 |a Síla magického trojúhelníku  |c Roman Ptáček 
520 |a Magickým trojuholníkom nazývame tri investičné faktory, ktoré sa vzájomne ovplyvňujú a pri žiadnom investičnom rozhodovaní na ne nemožno pozabudnúť. Sú to - výnos, riziko, likvidita. Prepojenie faktorov. Investičná stratégia investora. 
610 2 0 |a investície 
610 2 0 |a investovanie 
610 2 0 |a investori 
610 2 0 |a výnosy 
610 2 0 |a riziko 
610 2 0 |a likvidita 
100 1 |a Ptáček, Roman